| 000 | 00936nam a2200229 u 4500 | ||
|---|---|---|---|
| 005 | 20241005064206.0 | ||
| 008 | 190125s2014 r 000 0 eng d | ||
| 020 | _a9786077079941 | ||
| 035 | _aUPN01000228625 | ||
| 049 | _aCG | ||
| 050 | 4 |
_aHF5549.5 R4.4 _bS6.2 |
|
| 100 | 1 |
_aSmith, John _942557 |
|
| 245 | 1 | 0 |
_a119 tips para que nunca encuentres trabajo : _blos peores consejos del reclutador de ejecutivos con más experiencia en México = 119 tips so you never have a job : the worst advice from the executive recrutier with most experience in Mexico / _cJohn Smith. |
| 260 |
_aMéxico : _bAlfaomega, _cc2014. |
||
| 300 | _a73, 73 p. | ||
| 500 | _aTexto en español e inglés | ||
| 650 | 4 |
_aReclutamiento de empleados _914921 |
|
| 650 | 4 |
_aEntrevistas _917201 |
|
| 740 | 0 | _a119 tips so you never have a job : the worst advice from the executive recrutier with most experience in Mexico | |
| 905 | _aLibro | ||
| 999 |
_c200720 _d200720 |
||